Participation in learning (Record no. 53127)

MARC details
000 -LEADER
fixed length control field 00554nam a2200145 a 4500
008 - FIXED-LENGTH DATA ELEMENTS--GENERAL INFORMATION
fixed length control field 120416s1970 ||||||||||||||||| || u
050 ## - LIBRARY OF CONGRESS CALL NUMBER
Classification number LB 1725.G6 Kay
100 ## - MAIN ENTRY--PERSONAL NAME
Personal name Kaye, Barrington
245 10 - TITLE STATEMENT
Title Participation in learning
246 ## - VARYING FORM OF TITLE
Title proper/short title a progress report on some experiments in the training of teachers
260 ## - PUBLICATION, DISTRIBUTION, ETC.
Place of publication, distribution, etc. London
Name of publisher, distributor, etc. George Allen & Unwin
Date of publication, distribution, etc. 1970
300 ## - PHYSICAL DESCRIPTION
Extent 239p.
350 ## - PRICE (NR) (BK AM CF MU VM SE) [OBSOLETE]
Price 0.00
995 ## - RECOMMENDATION 995 [LOCAL, UNIMARC FRANCE]
-- 0.00
-- CBU-MAIN LIBRARY (Kitwe)
-- 1
-- 0.00
-- 1
-- AVAILABLE
-- Annex Low-Usage Collection
Holdings
Withdrawn status Lost status Source of classification or shelving scheme Damaged status Not for loan Home library Current library Shelving location Date acquired Total Checkouts Full call number Barcode Date last seen Price effective from Koha item type
          CBU-MAIN LIBRARY, KITWE. CBU-MAIN LIBRARY, KITWE.   11/30/2022   LB 1725.G6 Kay 009109 11/30/2022 11/30/2022 MONOGRAPH